000 00752nam a22002057a 4500
003 AM-YEHGA
005 20250617164419.0
008 220121s ||||| |||| 00| 0 rus d
040 _aAM-YeHGA
041 0 _arus
100 1 _aТерликов, Павел Гаврилович.
245 1 0 _aПовышение производительности прутковых автоматов /
_cА.Н. Резникова.
260 _aКуйбышев :
_bКн. изд-во,
_c1962.
300 _a58 с. :
_bил.
440 0 _aНовое в технике
653 0 _aТокарные станки-автоматы, прутковые - Производительность
942 _2udc
_cBK
001 1814350
090 _c526926
999 _c523314
_d523314